000 00736nam a2200253Ia 4500
003 OSt
005 20220928112405.0
006 a|||||r|||| 00| 0
007 ta
008 220927b |||||||| |||| 00| 0 eng d
024 _a60979
037 _cTextual
040 _aSDCL
_cSDCL
_beng
041 _2eng
_aeng
082 _aX64.73'N6, L5
100 _aHenning Charles N
_9427716
245 0 _aFinancial markets and the economy
260 _aNew Jersey
_bPrentice-Hall
_c1975
300 _aix,438p
_ccm.
700 _a Pigott William
_9427717
700 _a Scott Robert Haney
_9427718
942 _hX64.73'N6, L5
_cTEXL
_2CC
999 _c744479
_d744479